000
00373nam a22001577a 4500
003
MPLRDC
005
20220104123510.0
008
210129b ||||| |||| 00| 0 eng d
082
_a
411.9 XZX
100
_a
冼祖贤编
245
_a
坐姿正确. 免除百病
_c
260
_a
_b
文辉出版社
_c
300
_b
平
650
_a
特殊论题
942
_c
BK
_o
411.9 XZX
999
_c
11906
_d
11896